000
00287nam a2200109Ia 4500
008
200302s9999 xx 000 0 und d
100
_a
Peter Reed
245
_a
Groundswell Constructing the Contemporary Landscape
260
_b
The Museum of Modern Art
260
_c
2005
300
_a
167 P.,
999
_c
5049
_d
5049